Etoiles sur une carte du ciel - Statistiques

Statistiques générales
  • Ce quiz a été pris 674 fois
  • Le résultat moyen est 8 sur 25
Réponses sur la Carte
Les réponses sont colorées sur une échelle allant du rouge au vert en fonction du pourcentage des utilisateurs qui les ont devinées à leur premier essai. Vous pouvez retrouver ces pourcentages ci-dessous.
 
Statistiques - réponses
Réponse % Correct
Sirius
70%
Polaris
68%
Bételgeuse
60%
Véga
52%
Arcturus
46%
Pollux
44%
Rigel
44%
Altaïr
42%
Antares
41%
Castor
40%
Deneb
39%
Aldébaran
38%
Bellatrix
33%
Regulus
30%
Capella
27%
Alpha Centauri
26%
Procyon
22%
Canopus
15%
Dubhé
14%
Spica
14%
Acrux
13%
Hadar
11%
Fomalhaut
10%
Mimosa
10%
Achernar
7%
Aucun quiz correspondant
Distribution des résultats
% des personnes avec chaque résultat
Percentile par nombre de réponses
Votre historique - résultats
Vous n’avez pas pris ce quiz